000 01335cam a22003377a 4500
003 CHAP
005 20220329141902.0
008 980407d1985 mx r 00110 spa d
010 _a75284
011 _a76256
035 _a85835
040 _cCHAP
090 _aTesis
100 0 0 _aAstaburuaga Pazzi, Fernando Martín.
_98165
245 1 0 _aEnsayo de rendimiento de 10 líneas de frijol (Phaseolus vulgaris) flor de mayo con resistencia a la roya (Uromyces phaseoli Var. typica Arth.) y precoces en el sur de Tamaulipas
_c/por Fernando Martín Astaburuaga Pazzi
260 _aQuerétaro, Qro. :
_bEl autor,
_c1985.
300 _a51 h. :
_bgráfs.
502 _aTesis (Ing. Agr. en Producción) -- ITESM. Unidad Querétaro. Escuela de Agricultura y Ganadería. Departamento de Fitotecnia
590 _aALEPH
_b10
_c20130110
_lUCH01
_h1423
590 _aBATCH-UPD
_b10
_c20130110
_lUCH01
_h0548
590 _aBATCH-UPD
_b10
_c20130410
_lUCH01
_h0229
590 _aBATCH-UPD
_b10
_c20130914
_lUCH01
_h0422
590 _aCONVERSION
_b10
_c20130109
_lUCH01
_h1341
650 1 4 _aFrijol
_xRendimiento.
_943429
650 1 4 _aFrijol
_xTamaulipas.
_943439
650 1 4 _aFrijol
_xVariedades resistentes a enfermedades.
_943447
901 _aBK
905 _aGuadalupe Pinto C.
942 _cTESIS
949 _bBC
_cTES
_d858351
_eTS1
_h32244
_i85835
_sb
999 _c75284
_d75284